[Event "London Classic op"]
[Site "London"]
[Date "2017.12.04"]
[Round "4"]
[White "Levy, Christopher A"]
[Black "Siddharth, Gopakumar"]
[Result "0-1"]
[WhiteElo "1526"]
[BlackElo "1808"]
[PlyCount "126"]
[EventDate "2017.12.02"]
[EventType "swiss"]
[EventRounds "9"]
[EventCountry "ENG"]
[SourceTitle "CBM 182 Extra"]
[Source "ChessBase"]
[SourceDate "2018.02.23"]
[SourceVersion "1"]
[SourceVersionDate "2018.02.23"]
[SourceQuality "1"]

1. d4 d5 2. Bf4 Nf6 3. e3 e6 4. Nf3 c5 5. c3 Nc6 6. Bd3 b6 7. Nbd2 Bd6 8. Bg3 Qc7 9. 0-0 Bxg3 10. hxg3 0-0 11. dxc5 bxc5 12. e4 Rb8 13. exd5 exd5 14. Qc2 Qb6 15. b3 Re8 16. Rfd1 Bg4 17. Rdc1 Re7 18. Re1 Rbe8 19. Rxe7 Rxe7 20. Re1 Rxe1+ 21. Nxe1 Ne5 22. Bf5 g6 23. Bxg4 Nfxg4 24. Ndf3 Qf6 25. Qe2 Qf5 26. Nxe5 Nxe5 27. Qc2 Qh5 28. Qd2 Ng4 29. Nf3 Qf5 30. Qe1 Qc2 31. Qd2 Qb1+ 32. Ne1 Nf6 33. f3 Qf5 34. Qe3 Qb1 35. Qd2 h5 36. Kf2 Qf5 37. Kg1 Qe5 38. Kf2 Qf5 39. Kg1 g5 40. Qf2 Qe5 41. c4 dxc4 42. bxc4 Qc3 43. Qe2 Kg7 44. Kf1 Nd7 45. Qd3 Qxd3+ 46. Nxd3 Kf6 47. Ke2 Kf5 48. Ke3 g4 49. f4 f6 50. Nf2 Nb6 51. Kd3 h4 52. gxh4 Kxf4 53. Ne4 Nd7 54. g3+ Kf3 55. Nxc5 Nxc5+ 56. Kd4 Kxg3 57. h5 Kh4 58. h6 Ne6+ 59. Kd5 Ng5 60. c5 g3 61. c6 g2 62. c7 g1Q 63. c8Q Qd1+ 0-1

[Event "Bedford e2e4 U2000"]
[Site "Bedford"]
[Date "2013.09.21"]
[Round "3"]
[White "Holton, Jake"]
[Black "Levy, Christopher A"]
[Result "0-1"]
[WhiteElo "1404"]
[BlackElo "1768"]
[PlyCount "90"]
[EventDate "2013.09.20"]
[EventType "swiss"]
[EventRounds "5"]
[EventCountry "ENG"]
[SourceTitle "EXT 2023"]
[Source "ChessBase"]
[SourceDate "2022.10.05"]
[SourceVersion "1"]
[SourceVersionDate "2022.10.05"]
[SourceQuality "1"]

1. d4 f5 2. c4 Nf6 3. g3 e6 4. Bg2 d5 5. Nf3 c6 6. 0-0 Bd6 7. b3 Qe7 8. Bb2 0-0 9. Nbd2 Nbd7 10. e3 Ne4 11. Ne1 Qg5 12. Nc2 Rf6 13. f3 Nxd2 14. Qxd2 Rh6 15. f4 Qe7 16. c5 Bc7 17. Nb4 Nf6 18. Bf3 Bd7 19. a4 Be8 20. a5 a6 21. Nd3 Bh5 22. Bxh5 Rxh5 23. Nf2 Rh6 24. b4 Nd7 25. Ba3 g5 26. Rfb1 Qg7 27. Bc1 Rg6 28. Kh1 Nf6 29. Rb3 Nh5 30. Nh3 g4 31. Nf2 Nf6 32. Rc3 h5 33. b5 axb5 34. Rca3 Ra6 35. Nd3 h4 36. Nb4 hxg3 37. hxg3 Ne4 38. Qg2 Rh6+ 39. Kg1 Rh3 40. Nxa6 bxa6 41. Kf1 Qh6 42. Qb2 Rh1+ 43. Ke2 Rh2+ 44. Kd1 Rxb2 45. Bxb2 Qh2 0-1

[Event "Hampstead op U2200 05"]
[Site "Hampstead"]
[Date "2013.05.18"]
[Round "1"]
[White "Akeya Price, Robert A"]
[Black "Levy, Christopher A"]
[Result "0-1"]
[WhiteElo "970"]
[BlackElo "1802"]
[PlyCount "28"]
[EventDate "2013.05.18"]
[EventType "swiss"]
[EventRounds "5"]
[EventCountry "ENG"]
[SourceTitle "EXT 2014"]
[Source "ChessBase"]
[SourceDate "2013.11.20"]
[SourceVersion "1"]
[SourceVersionDate "2013.11.20"]
[SourceQuality "1"]

1. d4 f5 2. c4 Nf6 3. Nc3 e6 4. Bg5 d5 5. Nf3 c6 6. Bxf6 Qxf6 7. e3 Bd6 8. c5 Bc7 9. Bd3 Nd7 10. 0-0 0-0 11. Qb3 e5 12. dxe5 Nxe5 13. Nxe5 Qxe5 14. Ne2 Qxh2# 0-1

[Event "Hampstead op U2200 05"]
[Site "Hampstead"]
[Date "2013.05.18"]
[Round "3"]
[White "Regan, Natasha"]
[Black "Levy, Christopher A"]
[Result "1-0"]
[WhiteElo "2074"]
[BlackElo "1802"]
[PlyCount "67"]
[EventDate "2013.05.18"]
[EventType "swiss"]
[EventRounds "5"]
[EventCountry "ENG"]
[SourceTitle "EXT 2014"]
[Source "ChessBase"]
[SourceDate "2013.11.20"]
[SourceVersion "1"]
[SourceVersionDate "2013.11.20"]
[SourceQuality "1"]

1. Nf3 Nf6 2. b3 g6 3. Bb2 Bg7 4. g3 d6 5. Bg2 c5 6. d4 0-0 7. Nbd2 Qa5 8. h3 Nc6 9. dxc5 Qxc5 10. 0-0 Bd7 11. a3 Rac8 12. b4 Qh5 13. g4 Qb5 14. c4 Qb6 15. e3 a5 16. b5 Nd8 17. Bd4 Qc7 18. b6 Qb8 19. Rb1 Ne6 20. Bc3 a4 21. Rb4 Nc5 22. Nd4 d5 23. cxd5 Ne8 24. Ba1 Nd6 25. Qe2 f5 26. gxf5 Nxf5 27. Nxf5 Rxf5 28. Bxg7 Kxg7 29. Rh4 Rcf8 30. e4 R5f6 31. Qe3 R8f7 32. e5 Rxf2 33. Rxf2 Rxf2 34. Qh6+ 1-0